Modelovanie 3D prostredia pre VR

Enregistré dans:
Détails bibliographiques
Auteur principal: Kromková, Stanislava (Auteur)
Autres auteurs: Beganová, Juliana (Directeur de thèse)
Format: Manuscrit Livre
Langue:slovaque
Publié: 2025
Sujets:
Accès en ligne:http://is.stuba.sk/zp/portal_zp.pl?podrobnosti=174679
CRZP
Tags: Ajouter un tag
Pas de tags, Soyez le premier à ajouter un tag!

MARC

LEADER 00000ntm a22000003a 4500
001 stuzp105648
003 SK-STU
005 20250728110101.6
007 ta
008 150427s2015----xo-----f-mn---000-0-slo-d
040 |a STU  |b slo 
041 0 |a slo 
100 1 |a Kromková, Stanislava  |u 010220  |4 aut  |U SvF Stavebná fakulta  |T SvF Katedra matematiky a deskriptívnej geometrie  |X 120212  |U V220  |Y 23  |7 120212 
242 0 1 |a 3D environment modeling for VR  |y eng 
245 1 0 |a Modelovanie 3D prostredia pre VR 
260 |c 2025 
650 4 |a Virtuálna realita  |2 slo 
650 4 |a Meta Quest 2  |2 slo 
650 4 |a Plochy stavebnej praxe  |2 slo 
650 4 |a Unity  |2 slo 
650 4 |a Blender  |2 slo 
650 4 |a Virtual Reality  |2 eng 
650 4 |a Meta Quest 2  |2 eng 
650 4 |a Surfaces in construction practice  |2 eng 
650 4 |a Unity  |2 eng 
650 4 |a Blender  |2 eng 
700 1 |a Beganová, Juliana  |u 010220  |k Z1  |4 ths  |U SvF Stavebná fakulta  |T SvF Katedra matematiky a deskriptívnej geometrie  |X 759  |U V220  |Y 23  |7 A000000759 
856 4 |u http://is.stuba.sk/zp/portal_zp.pl?podrobnosti=174679 
856 4 |u https://opac.crzp.sk/?fn=detailBiblioForm&sid=4013D2F8FE5692F459CC294F6B33  |z CRZP